Music Quiz

Random Music or Lyrics Quiz
Score 0/21 Timer 06:00
1 Play Today
Lyric Song % Correct
Whisper, whisper, don't make a sound,Devil in a Midnight Mass
84.6%
Among the broken mirrors I don't look the same...Rusted From the Rain
75.6%
I left my best friends, or did they just leave me?Fallen Leaves
74.8%
Teacher said it's just a phase...Nothing to Lose
70.6%
Like a fire, don't need water,Red Flag
69.1%
Doctor doctor on the phone,White Sparrows
68.4%
I sat in my room for 27 days,The Ex
67.5%
I scratched, my knees, they bled...Try Honesty
67%
In a garage behind a house there is a luxury sedan,Burn the Evidence
66.1%
Be strong enough, to hold onto us,Saint Veronika
65.2%
Let the rain fall down, let it fall to the ground,The Dead Can't Testify
65%
Lyric Song % Correct
She's a bullet in russian roulette...This Suffering
59.1%
Twist my arm like a knife tonight,Tears Into Wine
55.9%
We're breakin' up the city...Prisoners of Today
48.7%
Don't you tell me, what you think is right...Living in the Shadows
44.9%
Loose lips may sink ships...Covered in Cowardice
43%
Broken dagger, southern swagger!Voices of Violence
42.3%
A fistful of lies, dressed up in disguise,Sympathy
41.9%
Don't call me your friend...Lies
35.4%
...Is sinking man and I don't wanna swim!!New Orleans is Sinking
24.9%
I heard a man say I do it for attention,M&M
20.7%
Remove Ads.
Support Sporcle.
Get the best of Sporcle when you Go Orange. This ad-free experience offers more features, more stats, and more fun while also helping to support Sporcle. Thank you for becoming a member.

You're not logged in!

Compare scores with friends on all Sporcle quizzes.
OR
Log In

Show Comments

Extras

Top Quizzes Today


Score Distribution

Your Account Isn't Verified!

In order to create a playlist on Sporcle, you need to verify the email address you used during registration. Go to your Sporcle Settings to finish the process.

Report this User

Report this user for behavior that violates our Community Guidelines.

Details: